| 000 | 00478nam a2200205Ia 4500 | ||
|---|---|---|---|
| 003 | 0100 | ||
| 008 | 130303s9999 xx 000 0 und d | ||
| 040 | _cARRUPELIB | ||
| 050 | _aB5305.I58 1981 | ||
| 245 | _aPhilosophy in Africa | ||
| 245 | _btrends and perspectives | ||
| 260 | _aNigeria | ||
| 260 | _bUniversity of Ile-Ife Press | ||
| 260 | _C1985 | ||
| 300 | _a279p. | ||
| 300 | _b 23 cm. | ||
| 650 | _aPHILOSOPHY | ||
| 700 | _aBodunrin, P.O. (ed) | ||
| 942 | 0 | 0 | _08 |
| 999 |
_c23557 _d23557 |
||